[Event "Titled Tuesday intern op 29th Aug Late"]
[Site "Chess.com INT"]
[Date "2023.08.29"]
[Round "4"]
[White "Kazakov, Mikhail"]
[Black "Yedidia, Jonathan"]
[Result "0-1"]
[WhiteElo "2513"]
[BlackElo "2360"]
[PlyCount "70"]
[EventDate "2023.08.29"]
[EventType "swiss (blitz)"]
[EventRounds "11"]
[EventCountry "USA"]
[SourceTitle "EXT 2024"]
[Source "ChessBase"]
[SourceDate "2023.10.10"]
[SourceVersion "1"]
[SourceVersionDate "2023.10.10"]
[SourceQuality "1"]

1. d4 d5 2. c4 c6 3. Nc3 Nf6 4. Nf3 dxc4 5. e4 b5 6. Qc2 e6 7. Be2 Bb7 8. 0-0 Be7 9. Rb1 0-0 10. b3 cxb3 11. Rxb3 Nbd7 12. e5 Nd5 13. Ne4 Rc8 14. Nfg5 h6 15. Nh7 Re8 16. Rh3 c5 17. Bxh6 cxd4 18. Qd2 Nc3 19. Bxg7 Nxe2+ 20. Qxe2 Bxe4 21. Qxe4 Kxg7 22. Qg4+ Bg5 23. Nxg5 f5 24. Qh5 Nxe5 25. Qh7+ Kf6 26. Rh6+ Kxg5 27. Qg7+ Kf4 28. Qg3+ Ke4 29. Re1+ Kd5 30. Qxe5+ Kc6 31. Rh7 Kb6 32. Rb1 Rc5 33. Qe2 e5 34. a4 d3 35. Qd2 Rc2 0-1

[Event "Titled Tuesday intern op 29th Aug Late"]
[Site "Chess.com INT"]
[Date "2023.08.29"]
[Round "9"]
[White "Novikova, Margarita"]
[Black "Kazakov, Mikhail"]
[Result "0-1"]
[WhiteElo "1995"]
[BlackElo "2513"]
[PlyCount "48"]
[EventDate "2023.08.29"]
[EventType "swiss (blitz)"]
[EventRounds "11"]
[EventCountry "USA"]
[SourceTitle "EXT 2024"]
[Source "ChessBase"]
[SourceDate "2023.10.10"]
[SourceVersion "1"]
[SourceVersionDate "2023.10.10"]
[SourceQuality "1"]

1. d4 Nf6 2. Bf4 g6 3. c3 Bg7 4. h3 0-0 5. Nf3 d6 6. Nbd2 c5 7. e3 Be6 8. Bc4 Bxc4 9. Nxc4 cxd4 10. exd4 d5 11. Ne3 Nc6 12. Ne5 e6 13. Nxc6 bxc6 14. Be5 Nd7 15. Bxg7 Kxg7 16. 0-0 a5 17. Qd2 Qb6 18. Ng4 Qd8 19. Qh6+ Kg8 20. Ne5 Nxe5 21. dxe5 Qb8 22. f4 Qxb2 23. g4 Qxc3 24. Kg2 Rab8 0-1

[Event "Titled Tuesday intern op 22nd Aug Early"]
[Site "Chess.com INT"]
[Date "2023.08.22"]
[Round "2"]
[White "Skvortsov, Andrei"]
[Black "Kazakov, Mikhail"]
[Result "1-0"]
[WhiteElo "2294"]
[BlackElo "2513"]
[PlyCount "97"]
[EventDate "2023.08.22"]
[EventType "swiss (blitz)"]
[EventRounds "11"]
[EventCountry "USA"]
[SourceTitle "EXT 2024"]
[Source "ChessBase"]
[SourceDate "2023.10.10"]
[SourceVersion "1"]
[SourceVersionDate "2023.10.10"]
[SourceQuality "1"]

1. e4 e5 2. d4 exd4 3. Qxd4 Nc6 4. Qd3 Nf6 5. Nc3 Bb4 6. Bd2 d6 7. 0-0-0 0-0 8. f3 Re8 9. a3 Ba5 10. h4 a6 11. g4 b5 12. Nd5 Bxd2+ 13. Qxd2 Nxd5 14. Qxd5 Bb7 15. Qg5 Ne5 16. Qxd8 Raxd8 17. Be2 d5 18. f4 Ng6 19. f5 Nf4 20. e5 Rxe5 21. Bf3 Re3 22. Rd4 Rxf3 23. Nxf3 Ne2+ 24. Kd2 Nxd4 25. Nxd4 c5 26. Nb3 Rc8 27. Re1 Kf8 28. Na5 Ba8 29. b4 d4 30. Nb3 cxb4 31. axb4 Rc4 32. Nc5 Bc6 33. Nxa6 d3 34. cxd3 Rxg4 35. Nb8 Be8 36. Re4 Rg2+ 37. Ke3 Rg3+ 38. Ke2 f6 39. Rd4 Rh3 40. Na6 g6 41. Nc7 Bf7 42. Nxb5 gxf5 43. Nd6 Bh5+ 44. Kd2 Rh2+ 45. Kc3 Rf2 46. b5 Ke7 47. b6 Rf1 48. b7 Rb1 49. Rb4 1-0

[Event "Titled Tuesday intern op 15th Aug Early"]
[Site "Chess.com INT"]
[Date "2023.08.15"]
[Round "4"]
[White "Kazakov, Mikhail"]
[Black "Ivanov, Alexey2222"]
[Result "1/2-1/2"]
[WhiteElo "2513"]
[BlackElo "2415"]
[PlyCount "127"]
[EventDate "2023.08.15"]
[EventType "swiss (blitz)"]
[EventRounds "11"]
[EventCountry "USA"]
[SourceTitle "EXT 2024"]
[Source "ChessBase"]
[SourceDate "2023.10.10"]
[SourceVersion "1"]
[SourceVersionDate "2023.10.10"]
[SourceQuality "1"]

1. e4 c6 2. d4 d5 3. exd5 cxd5 4. c4 Nf6 5. Nc3 e6 6. Nf3 Bb4 7. cxd5 Nxd5 8. Bd2 Nc6 9. Bd3 Be7 10. 0-0 0-0 11. Re1 Bf6 12. Be3 Nce7 13. Be4 Bd7 14. Bxd5 Nxd5 15. Nxd5 exd5 16. Ne5 Bxe5 17. dxe5 Be6 18. Bd4 Qd7 19. Rc1 Rfc8 20. Qb3 b6 21. h3 Rc4 22. Rxc4 dxc4 23. Qe3 Rd8 24. Bc3 h6 25. Kh2 Qa4 26. a3 Rd3 27. Qf4 Qd7 28. Re3 Rd1 29. Rg3 Kh7 30. Qe4+ g6 31. Qf4 Qd5 32. Re3 b5 33. Qf6 h5 34. Rg3 Qe4 35. Re3 Qb1 36. Kg3 a5 37. Bxa5 Qxb2 38. Bb4 Kg8 39. Kh4 Qc2 40. Kg5 Qf5+ 41. Qxf5 Bxf5 42. g4 hxg4 43. hxg4 Rg1 44. f3 Be6 45. Re4 Rd1 46. Re2 Rd5 47. Kf6 Rd3 48. Rf2 c3 49. Kg5 Kg7 50. Kf4 Rd4+ 51. Ke3 Rc4 52. Rc2 g5 53. Rxc3 Rxc3+ 54. Bxc3 Bd5 55. f4 gxf4+ 56. Kxf4 Kg6 57. Bd4 Be6 58. Be3 Bd7 59. Bd4 Be6 60. Bc5 Bd7 61. Bb4 Be6 62. Bc5 Bd7 63. Bb4 Be6 64. Bc5 1/2-1/2

[Event "Titled Tuesday intern op 08th Aug Early"]
[Site "Chess.com INT"]
[Date "2023.08.08"]
[Round "6"]
[White "Guzman Lozano, Campo Elias"]
[Black "Kazakov, Mikhail"]
[Result "0-1"]
[WhiteElo "1924"]
[BlackElo "2513"]
[PlyCount "92"]
[EventDate "2023.08.08"]
[EventType "swiss (blitz)"]
[EventRounds "11"]
[EventCountry "USA"]
[SourceTitle "EXT 2024"]
[Source "ChessBase"]
[SourceDate "2023.10.10"]
[SourceVersion "1"]
[SourceVersionDate "2023.10.10"]
[SourceQuality "1"]

1. d4 Nf6 2. Bg5 Ne4 3. h4 h6 4. Bf4 d5 5. f3 Nf6 6. c4 e6 7. Nc3 Bd6 8. Nh3 Nh5 9. Qd2 Nxf4 10. Nxf4 c6 11. e4 dxe4 12. Nxe4 Bc7 13. 0-0-0 0-0 14. Kb1 Nd7 15. Nh5 f5 16. Nc3 Nf6 17. Nf4 e5 18. Ng6 Re8 19. dxe5 Qxd2 20. Rxd2 Bxe5 21. Nxe5 Rxe5 22. Bd3 Bd7 23. Rhd1 Rae8 24. Bc2 Re1 25. c5 Rxd1+ 26. Rxd1 Be6 27. Rd6 Kf8 28. Kc1 g6 29. Nd1 Ke7 30. Nf2 Nd5 31. Nd3 g5 32. hxg5 hxg5 33. Ne5 Rc8 34. Kd2 b6 35. Nxc6+ Kf7 36. Ne5+ Ke7 37. Rc6 Rd8 38. Bb3 Nb4+ 39. Ke3 f4+ 40. Ke2 Bxb3 41. axb3 Rd5 42. Rc7+ Kd8 43. Rxa7 Rxe5+ 44. Kd2 bxc5 45. Kc3 Re2 46. Ra5 Rc2# 0-1

[Event "Titled Tuesday intern op 08th Aug Early"]
[Site "Chess.com INT"]
[Date "2023.08.08"]
[Round "9"]
[White "Kazakov, Mikhail"]
[Black "Luxama, Jacques Muller"]
[Result "1/2-1/2"]
[WhiteElo "2513"]
[BlackElo "1933"]
[PlyCount "98"]
[EventDate "2023.08.08"]
[EventType "swiss (blitz)"]
[EventRounds "11"]
[EventCountry "USA"]
[SourceTitle "EXT 2024"]
[Source "ChessBase"]
[SourceDate "2023.10.10"]
[SourceVersion "1"]
[SourceVersionDate "2023.10.10"]
[SourceQuality "1"]

1. d4 Nf6 2. c4 e6 3. Nf3 d5 4. g3 Bb4+ 5. Bd2 a5 6. Bg2 0-0 7. 0-0 dxc4 8. Bg5 Be7 9. Ne5 h6 10. Bf4 Nd5 11. Nxc4 Nxf4 12. gxf4 c5 13. dxc5 Bxc5 14. Qxd8 Rxd8 15. Nc3 Nc6 16. Rad1 Bd7 17. Na4 Nd4 18. Nxc5 Nxe2+ 19. Kh1 Bc6 20. Bxc6 bxc6 21. f5 exf5 22. Kg2 Nf4+ 23. Kf3 Ng6 24. Rxd8+ Rxd8 25. Nxa5 Rd5 26. b4 Ne5+ 27. Ke2 Rd4 28. a3 f4 29. f3 g5 30. Rd1 Rxd1 31. Kxd1 Nxf3 32. Nxc6 Nxh2 33. a4 f3 34. Nd3 g4 35. Nce5 g3 36. Nxf3 Nxf3 37. Nf4 h5 38. a5 Nd4 39. a6 Nb5 40. Ke2 h4 41. Kf3 Kg7 42. Kg4 f5+ 43. Kxh4 Kf6 44. Kxg3 Ke5 45. Nd3+ Kd4 46. Kf4 Kxd3 47. Kxf5 Kc4 48. Ke5 Kxb4 49. a7 Nxa7 1/2-1/2

[Event "Titled Tuesday intern op 01st Aug Early"]
[Site "Chess.com INT"]
[Date "2023.08.01"]
[Round "2"]
[White "Kazakov, Mikhail"]
[Black "Fiorito, Joaquin"]
[Result "0-1"]
[WhiteElo "2513"]
[BlackElo "2409"]
[PlyCount "106"]
[EventDate "2023.08.01"]
[EventType "swiss (blitz)"]
[EventRounds "11"]
[EventCountry "USA"]
[SourceTitle "EXT 2024"]
[Source "ChessBase"]
[SourceDate "2023.10.10"]
[SourceVersion "1"]
[SourceVersionDate "2023.10.10"]
[SourceQuality "1"]

1. d4 Nf6 2. c3 d5 3. Nf3 c5 4. g3 Nc6 5. Bg2 Bf5 6. dxc5 e6 7. Nd4 Be4 8. Bxe4 Nxe4 9. b4 a5 10. f3 Nf6 11. Nxc6 bxc6 12. 0-0 Be7 13. Nd2 0-0 14. Nb3 axb4 15. cxb4 e5 16. e3 Qd7 17. Bb2 Qe6 18. Qd3 Rfb8 19. a3 Nd7 20. f4 Bf6 21. f5 Qe7 22. e4 d4 23. Bc1 Bg5 24. Nd2 Be3+ 25. Kg2 Rxb4 26. axb4 Rxa1 27. Bb2 Ra8 28. Nc4 Rb8 29. Nxe3 dxe3 30. Bc3 Ra8 31. Qxe3 Nf6 32. Rd1 h6 33. h3 Ra3 34. Rd3 Ra2+ 35. Rd2 Ra3 36. Rd3 Kh7 37. Bd2 Ra4 38. Kf3 Qb7 39. Rd6 Qb5 40. Qd3 Qb7 41. Qe3 Ra2 42. Rxf6 gxf6 43. Qxh6+ Kg8 44. Be3 Qb5 45. Kg4 Qe2+ 46. Kh4 Qf3 47. Bg5 fxg5+ 48. Qxg5+ Kh7 49. Qf6 Ra7 50. g4 Qf4 51. Kh5 Kg8 52. Qd8+ Kg7 53. Qf6+ Kxf6 0-1

[Event "Titled Tuesday intern op 01st Aug Late"]
[Site "Chess.com INT"]
[Date "2023.08.01"]
[Round "1"]
[White "Kazakov, Mikhail"]
[Black "Vetoshko, Volodymyr"]
[Result "0-1"]
[WhiteElo "2513"]
[BlackElo "2502"]
[PlyCount "70"]
[EventDate "2023.08.01"]
[EventType "swiss (blitz)"]
[EventRounds "11"]
[EventCountry "USA"]
[SourceTitle "EXT 2024"]
[Source "ChessBase"]
[SourceDate "2023.10.10"]
[SourceVersion "1"]
[SourceVersionDate "2023.10.10"]
[SourceQuality "1"]

1. d4 d5 2. c4 e6 3. Nc3 a6 4. cxd5 exd5 5. Nf3 Nf6 6. Bg5 Be6 7. e3 Nbd7 8. Bd3 Bd6 9. 0-0 c6 10. Bf4 Qc7 11. Qd2 0-0 12. Rac1 Rfe8 13. a3 Bg4 14. Be2 Bxf4 15. exf4 Ne4 16. Nxe4 Rxe4 17. g3 Rae8 18. Bd1 Qb6 19. Ne5 Rxd4 20. Qe3 Bxd1 21. Nxd7 Rxe3 22. Nxb6 Red3 23. Re1 g6 24. Nd7 Rd2 25. Nf6+ Kg7 26. Ne8+ Kf8 27. Nd6 Bf3 28. b4 Ra2 29. Nxb7 Rdd2 30. Rf1 Be2 31. Rfe1 Bb5 32. Rf1 Bxf1 33. Rxf1 Rxa3 34. Nc5 Rda2 35. Kg2 Ra1 0-1

[Event "Titled Tuesday intern op 01st Aug Early"]
[Site "Chess.com INT"]
[Date "2023.08.01"]
[Round "9"]
[White "Kazakov, Mikhail"]
[Black "Vivaan, Vishal Shah"]
[Result "0-1"]
[WhiteElo "2513"]
[BlackElo "2047"]
[PlyCount "96"]
[EventDate "2023.08.01"]
[EventType "swiss (blitz)"]
[EventRounds "11"]
[EventCountry "USA"]
[SourceTitle "EXT 2024"]
[Source "ChessBase"]
[SourceDate "2023.10.10"]
[SourceVersion "1"]
[SourceVersionDate "2023.10.10"]
[SourceQuality "1"]

1. e4 c5 2. Nf3 d6 3. d4 cxd4 4. Nxd4 Nf6 5. Nc3 g6 6. Be3 Bg7 7. f3 0-0 8. Qd2 Nc6 9. 0-0-0 d5 10. Qe1 e5 11. Nxc6 bxc6 12. Bc5 Re8 13. b3 Qa5 14. Na4 Qc7 15. Bd3 d4 16. g4 Be6 17. Qe2 Nd7 18. Ba3 c5 19. Bc4 Nb6 20. Bxe6 Nxa4 21. Bd5 Nc3 22. Qc4 Rac8 23. Rd3 Qa5 24. Kb2 Rb8 25. Rxc3 dxc3+ 26. Qxc3 Qa6 27. Bc4 Qd6 28. Qd3 Qd4+ 29. Qxd4 exd4 30. Kb1 Bf8 31. h4 h6 32. Bc1 a5 33. Bd5 a4 34. g5 h5 35. f4 axb3 36. cxb3 c4 37. f5 cxb3 38. axb3 gxf5 39. exf5 Re5 40. Bc4 Rxf5 41. g6 Bg7 42. gxf7+ Kh8 43. Re1 Rf8 44. Bg5 d3 45. Re8 Rf1+ 46. Bc1 d2 47. Bxf1 d1Q 48. Bc4 Kh7 0-1

[Event "Titled Tuesday intern op 01st Aug Late"]
[Site "Chess.com INT"]
[Date "2023.08.01"]
[Round "11"]
[White "Piesik, Piotr"]
[Black "Kazakov, Mikhail"]
[Result "1-0"]
[WhiteElo "2426"]
[BlackElo "2513"]
[PlyCount "99"]
[EventDate "2023.08.01"]
[EventType "swiss (blitz)"]
[EventRounds "11"]
[EventCountry "USA"]
[SourceTitle "EXT 2024"]
[Source "ChessBase"]
[SourceDate "2023.10.10"]
[SourceVersion "1"]
[SourceVersionDate "2023.10.10"]
[SourceQuality "1"]

1. Nf3 Nf6 2. g3 g6 3. Bg2 Bg7 4. 0-0 d5 5. d4 Nc6 6. c4 0-0 7. cxd5 Nxd5 8. Nc3 Nb6 9. e3 Re8 10. d5 Na5 11. e4 e6 12. Bg5 f6 13. Bf4 Nac4 14. b3 e5 15. Bc1 Nd6 16. Qc2 h6 17. a4 a5 18. Ba3 f5 19. Nh4 Qf6 20. Bxd6 cxd6 21. Nb5 Bd7 22. Qc7 Bxb5 23. axb5 Qd8 24. Qxd8 Rexd8 25. Nxg6 fxe4 26. Bxe4 Kf7 27. Nh4 Rdc8 28. Nf5 Bf8 29. Rfc1 Nd7 30. Rxc8 Rxc8 31. Rxa5 Nc5 32. Bf3 Nxb3 33. Ra7 Nc5 34. b6 e4 35. Bg4 Rd8 36. Nd4 Kf6 37. Ne6 Rb8 38. f4 exf3 39. Bxf3 Ke5 40. Nf4 Be7 41. Ra2 Bd8 42. Re2+ Kf6 43. Re8 Nd7 44. Re6+ Kf7 45. Bh5+ Kg7 46. Rxd6 Nxb6 47. Ne6+ Kf6 48. Rxd8 Rxd8 49. Nxd8 Nxd5 50. Nxb7 1-0

[Event "Titled Tuesday intern op 27th Jun Early"]
[Site "Chess.com INT"]
[Date "2023.06.27"]
[Round "1"]
[White "Hakobyan, Aram"]
[Black "Kazakov, Mikhail"]
[Result "1-0"]
[WhiteElo "2613"]
[BlackElo "2513"]
[PlyCount "51"]
[EventDate "2023.06.27"]
[EventType "swiss (blitz)"]
[EventRounds "11"]
[EventCountry "USA"]
[SourceTitle "EXT 2024"]
[Source "ChessBase"]
[SourceDate "2023.10.10"]
[SourceVersion "1"]
[SourceVersionDate "2023.10.10"]
[SourceQuality "1"]

1. d4 Nf6 2. c4 e6 3. Nc3 Bb4 4. e3 0-0 5. a3 Bxc3+ 6. bxc3 d5 7. cxd5 exd5 8. Bd3 c5 9. Ne2 b6 10. 0-0 Ba6 11. Ng3 Bxd3 12. Qxd3 Nc6 13. f3 Rc8 14. Bb2 cxd4 15. cxd4 h5 16. Rae1 g6 17. e4 h4 18. Nh1 Qd7 19. Nf2 Nh5 20. Qe3 Kh7 21. Ng4 Rh8 22. Qh6+ Kg8 23. Qxh5 Rxh5 24. Nf6+ Kg7 25. Nxd7 Rd8 26. Ne5 1-0

[Event "Speed Chess Q2"]
[Site "Chess.com INT"]
[Date "2022.11.12"]
[Round "14"]
[White "Gubajdullin, Alexey"]
[Black "Kazakov, Mikhail"]
[Result "1/2-1/2"]
[WhiteElo "2300"]
[BlackElo "2513"]
[PlyCount "166"]
[EventDate "2022.11.12"]
[EventType "swiss (blitz)"]
[EventRounds "14"]
[EventCountry "USA"]
[SourceTitle "CBM 211 Extra"]
[Source "ChessBase"]
[SourceDate "2023.01.31"]
[SourceVersion "1"]
[SourceVersionDate "2023.01.31"]
[SourceQuality "1"]

1. d4 Nf6 2. Nf3 e6 3. Bf4 b6 4. e3 Bb7 5. h3 Be7 6. Be2 0-0 7. 0-0 d5 8. a4 a6 9. a5 b5 10. Ne5 c5 11. Nd2 Nbd7 12. c3 Ne4 13. Nxe4 dxe4 14. Nxd7 Qxd7 15. dxc5 Qxd1 16. Rfxd1 Bxc5 17. Bd6 Bxd6 18. Rxd6 Rfd8 19. Rad1 Bd5 20. Rxd8+ Rxd8 21. c4 bxc4 22. Bxc4 Kf8 23. b4 Rb8 24. Bxd5 exd5 25. Rxd5 Rxb4 26. Rd6 g5 27. Rxa6 Ra4 28. Kh2 h5 29. h4 gxh4 30. Kh3 Ra2 31. Ra8+ Kg7 32. a6 Rxf2 33. a7 Ra2 34. Kxh4 Ra5 35. Kg3 Kf6 36. Kf4 Ra4 37. g3 Kg7 38. Kg5 Ra5+ 39. Kh4 Kh7 40. Kh3 Ra2 41. Kh4 Ra5 42. Kh3 Ra2 43. g4 hxg4+ 44. Kxg4 Ra4 45. Kf5 Kg7 46. Ke5 Ra1 47. Kxe4 Kf6 48. Kf4 Rf1+ 49. Ke4 Ra1 50. Kd3 Rd1+ 51. Kc4 Ra1 52. Kb5 Rb1+ 53. Kc6 Ra1 54. e4 Rc1+ 55. Kb6 Rb1+ 56. Kc5 Rc1+ 57. Kd4 Rd1+ 58. Ke3 Re1+ 59. Kf2 Ra1 60. Kf3 Ra3+ 61. Kf4 Ra4 62. Kf3 Ra3+ 63. Kg4 Ra4 64. Kf4 Ra1 65. e5+ Kg7 66. Ke4 Re1+ 67. Kd5 Rd1+ 68. Kc5 Rc1+ 69. Kb6 Rb1+ 70. Kc6 Rc1+ 71. Kd6 Rd1+ 72. Ke7 Ra1 73. Kd6 Rd1+ 74. Kc5 Rc1+ 75. Kb4 Rb1+ 76. Kc3 Ra1 77. Kb2 Ra6 78. Kb3 Ra1 79. Kb4 Rb1+ 80. Ka5 Ra1+ 81. Kb6 Rb1+ 82. Kc6 Rc1+ 83. Kd6 Rd1+ 1/2-1/2

[Event "Speed Chess Q2"]
[Site "Chess.com INT"]
[Date "2022.11.12"]
[Round "9"]
[White "Kazakov, Mikhail"]
[Black "Daggupati, Balaji"]
[Result "0-1"]
[WhiteElo "2513"]
[BlackElo "2507"]
[PlyCount "70"]
[EventDate "2022.11.12"]
[EventType "swiss (blitz)"]
[EventRounds "14"]
[EventCountry "USA"]
[SourceTitle "CBM 211 Extra"]
[Source "ChessBase"]
[SourceDate "2023.01.31"]
[SourceVersion "1"]
[SourceVersionDate "2023.01.31"]
[SourceQuality "1"]

1. d4 d5 2. c4 dxc4 3. Nf3 Nf6 4. e3 e6 5. Bxc4 a6 6. 0-0 Be7 7. Qe2 b5 8. Bd3 Bb7 9. e4 Nbd7 10. Bg5 c5 11. Rd1 h6 12. Bh4 0-0 13. a4 cxd4 14. Nxd4 Qb6 15. Nf3 Nc5 16. a5 Qc6 17. e5 Nd5 18. Bxe7 Nxe7 19. Nc3 Nxd3 20. Rxd3 b4 21. Nd1 Nd5 22. Qd2 Rac8 23. Rd4 Qc2 24. Ne3 Nxe3 25. fxe3 b3 26. Qf2 Qxf2+ 27. Kxf2 Rc2+ 28. Kg3 Rxb2 29. Rb4 Bc6 30. Ra3 Bd5 31. e4 Ra2 32. Rxa2 bxa2 33. Ra4 Bb3 34. Ra3 Rd8 35. Rxb3 a1Q 0-1

[Event "Speed Chess Q2"]
[Site "Chess.com INT"]
[Date "2022.11.12"]
[Round "1"]
[White "Kazakov, Mikhail"]
[Black "Svane, Frederik"]
[Result "0-1"]
[WhiteElo "2513"]
[BlackElo "2568"]
[PlyCount "96"]
[EventDate "2022.11.12"]
[EventType "swiss (blitz)"]
[EventRounds "14"]
[EventCountry "USA"]
[SourceTitle "CBM 211 Extra"]
[Source "ChessBase"]
[SourceDate "2023.01.31"]
[SourceVersion "1"]
[SourceVersionDate "2023.01.31"]
[SourceQuality "1"]

1. e4 c5 2. Nf3 e6 3. d4 cxd4 4. Nxd4 Nc6 5. Nc3 a6 6. Be3 Nf6 7. Bd3 d6 8. 0-0 Be7 9. Kh1 0-0 10. f4 e5 11. fxe5 Ng4 12. Bg1 Nxd4 13. Bxd4 Nxe5 14. Nd5 Be6 15. Nxe7+ Qxe7 16. a4 Rac8 17. Qd2 h6 18. Qf2 Qg5 19. Be3 Qh5 20. Bf4 Rc6 21. Bxe5 dxe5 22. c3 Rd8 23. Be2 Qg5 24. Rad1 Rcd6 25. Rxd6 Rxd6 26. Rd1 Rd2 27. Qe1 Rxd1 28. Qxd1 Qe3 29. Bf3 Bb3 30. Qd8+ Kh7 31. h3 Qc1+ 32. Kh2 Qf4+ 33. Kg1 Bxa4 34. Qe7 Bc6 35. b4 Qc1+ 36. Kh2 Qf4+ 37. Kg1 g6 38. c4 Kg7 39. b5 axb5 40. cxb5 Bxe4 41. Bxe4 Qxe4 42. Qc5 Qd4+ 43. Qxd4 exd4 44. Kf2 Kf6 45. Kf3 Ke5 46. g3 Kd5 47. h4 Kc4 48. Ke4 d3 0-1

[Event "Speed Chess Q1"]
[Site "Chess.com INT"]
[Date "2022.11.10"]
[Round "1"]
[White "Aditya, Mittal"]
[Black "Kazakov, Mikhail"]
[Result "0-1"]
[WhiteElo "2486"]
[BlackElo "2513"]
[PlyCount "126"]
[EventDate "2022.11.10"]
[EventType "swiss (blitz)"]
[EventRounds "14"]
[EventCountry "USA"]
[SourceTitle "CBM 211 Extra"]
[Source "ChessBase"]
[SourceDate "2023.01.31"]
[SourceVersion "1"]
[SourceVersionDate "2023.01.31"]
[SourceQuality "1"]

1. d4 Nf6 2. c4 g6 3. Nc3 d5 4. cxd5 Nxd5 5. Bd2 Nxc3 6. Bxc3 Bg7 7. e4 c5 8. d5 Bxc3+ 9. bxc3 e6 10. Bb5+ Bd7 11. Bxd7+ Qxd7 12. Nf3 exd5 13. Qxd5 0-0 14. Rb1 Qxd5 15. exd5 b6 16. c4 Nd7 17. Kd2 Rfe8 18. Rhe1 Kf8 19. a4 Rxe1 20. Rxe1 Re8 21. Ra1 Rb8 22. h4 h6 23. Kd3 Ke7 24. Nd2 Ne5+ 25. Kc3 Nd7 26. Re1+ Kf8 27. Rb1 Re8 28. a5 Re2 29. axb6 axb6 30. Ra1 Rxf2 31. Ra8+ Kg7 32. g4 Ne5 33. g5 hxg5 34. hxg5 Rg2 35. Ne4 Rg4 36. Nf6 Rxg5 37. Ne8+ Kh6 38. d6 Rg3+ 39. Kc2 Rd3 40. Rd8 Rd4 41. Nf6 Nxc4 42. d7 Ne5 43. Rh8+ Kg5 44. Nh7+ Kh6 45. Nf6+ Kg7 46. d8Q Rxd8 47. Rxd8 Kxf6 48. Rd6+ Kf5 49. Rxb6 f6 50. Rb5 c4 51. Kd2 Ke4 52. Rb6 f5 53. Rf6 g5 54. Ke2 g4 55. Rd6 f4 56. Kf2 g3+ 57. Kg2 Ng4 58. Rc6 Ne3+ 59. Kg1 Kf3 60. Rf6 c3 61. Rc6 c2 62. Rc3 Ke2 63. Rc6 f3 0-1

[Event "Speed Chess Q1"]
[Site "Chess.com INT"]
[Date "2022.11.10"]
[Round "2"]
[White "Mitrabha, Guha"]
[Black "Kazakov, Mikhail"]
[Result "1-0"]
[WhiteElo "2474"]
[BlackElo "2513"]
[PlyCount "59"]
[EventDate "2022.11.10"]
[EventType "swiss (blitz)"]
[EventRounds "14"]
[EventCountry "USA"]
[SourceTitle "CBM 211 Extra"]
[Source "ChessBase"]
[SourceDate "2023.01.31"]
[SourceVersion "1"]
[SourceVersionDate "2023.01.31"]
[SourceQuality "1"]

1. d4 Nf6 2. Nc3 d6 3. e4 g6 4. Bf4 Bg7 5. Qd2 Nc6 6. Nf3 0-0 7. d5 e5 8. Bh6 Nb4 9. Bxg7 Kxg7 10. a3 Na6 11. Bxa6 bxa6 12. 0-0 Nh5 13. Ne1 f5 14. exf5 gxf5 15. Nd3 Qf6 16. f4 Kh8 17. fxe5 dxe5 18. Rae1 e4 19. Nxe4 Qb6+ 20. Kh1 Bd7 21. Nec5 Rad8 22. Re7 Bb5 23. c4 Bxc4 24. Re6 Bxd3 25. Rxb6 Bxf1 26. Qd4+ Kg8 27. Rh6 Ng7 28. Rh3 Rf7 29. Rg3 Rd6 30. Ne6 1-0